书目信息 |
| 题名: |
教授是怎样炼成的
|
|
| 作者: | 吴尔夫 , 奥斯汀 主编 ;赵文 译 | |
| 分册: | ||
| 出版信息: | 北京 北京大学出版社 2011 |
|
| 页数: | 279页 | |
| 开本: | 23cm | |
| 丛书名: | ||
| 单 册: | ||
| 中图分类: | G643.0 | |
| 科图分类: | ||
| 主题词: | 研究生教育--研究 | |
| 电子资源: | ||
| ISBN: | 978-7-301-18201-7 | |
| 000 | 01255nam0 2200265 450 | |
| 001 | 1569862313 | |
| 005 | 20150117192448.93 | |
| 010 | @a978-7-301-18201-7@dCNY40.00 | |
| 100 | @a20110325d2011 em y0chiy50 ea | |
| 101 | 1 | @achi@ceng |
| 102 | @aCN@b110000 | |
| 105 | @ay z 000yy | |
| 200 | 1 | @a教授是怎样炼成的@9jiao shou shi zen yang lian cheng de@dPaths to the professoriate@e未来大学教师培养的改进策略@estrategies for enriching the preparation of future faculty@f(美)唐纳德·吴尔夫(Donald H. Wulff),(美)安·奥斯丁(Ann E. Austin)主编@g赵文译@zeng |
| 210 | @a北京@c北京大学出版社@d2011 | |
| 215 | @a279页@d23cm | |
| 300 | @a北大高等教育文库 大学教师通识教育读本 | |
| 330 | @a本书呈现了培养未来大学教师的研究生教育中面临的最急迫的挑战,突出了研究生教育改善的各种规划和途径,为高等院校领导、院系负贵人,研究生导师和研究生指明了研究生培养的改进策略。 | |
| 510 | 1 | @aPaths to the professoriate@estrategies for enriching the preparation of future faculty@zeng |
| 606 | 0 | @a研究生教育@x研究 |
| 690 | @aG643.0@v5 | |
| 701 | 0 | @c(美)@a吴尔夫@9wu er fu@c(Wulff, Donald H.)@4主编 |
| 701 | 0 | @c(美)@a奥斯汀@9ao si ting@f(女, Austin, Ann)@4主编 |
| 702 | 0 | @a赵文@9zhao wen@f(1977~)@4译 |
| 801 | 0 | @aCN@bTSSF@c20150117 |
| 905 | @aZUCC@dG643.0@eJY1 | |
| 教授是怎样炼成的=Paths to the professoriate:未来大学教师培养的改进策略:strategies for enriching the preparation of future faculty/(美)唐纳德·吴尔夫(Donald H. Wulff),(美)安·奥斯丁(Ann E. Austin)主编/赵文译.-北京:北京大学出版社,2011 |
| 279页;23cm |
| 北大高等教育文库 大学教师通识教育读本 |
| ISBN 978-7-301-18201-7:CNY40.00 |
| 本书呈现了培养未来大学教师的研究生教育中面临的最急迫的挑战,突出了研究生教育改善的各种规划和途径,为高等院校领导、院系负贵人,研究生导师和研究生指明了研究生培养的改进策略。 |
| ● |
| 相关链接 |
|
|
|
|
正题名:教授是怎样炼成的
索取号:G643.0/JY1
 
预约/预借
| 序号 | 登录号 | 条形码 | 馆藏地/架位号 | 状态 | 备注 |
| 1 | 7852375 | 278523750 | 学院路分馆/ [索取号:G643.0/JY1] | 在馆 |